| 000 | 00641nam a22002057a 4500 | ||
|---|---|---|---|
| 999 |
_c17831 _d17831 |
||
| 003 | OSt | ||
| 005 | 20230120132250.0 | ||
| 008 | 230120b ||||| |||| 00| 0 eng d | ||
| 040 | _c0 | ||
| 082 | _aDPer 370.5 M720 June - December 2017 v66 no. 1-7 | ||
| 100 |
_aPalogan, Nita G. _eauthor. _947384 |
||
| 245 |
_aValues and school leadership / _cNita G. Palogan |
||
| 260 |
_aPhilippines : _b Papi Publishers, Inc., _cAugust 2017. |
||
| 300 | _avolume 66, page 92. | ||
| 650 |
_aLeadership. _947385 |
||
| 650 |
_aValues. _947386 |
||
| 650 |
_aStudent activities. _947310 |
||
| 700 |
_aPalogan, Nita G. _eauthor. _947384 |
||
| 942 |
_2ddc _cPER |
||